00632 2200229 4500001002100000005001700021008004100038020001800079035002400097041000800121043001200129082001000141090002100151100002400172245006900196260003100265300002100296500003100317650002200348850001200370999002000382YOGYA-0511000000096920110512140420.0 ind  a979-672-391-3 0010-051100000000968 aInd aYOPDYOG a248.4 aDEP 248.4bBud M aBUDI PURNOMO, Aloys aMembangun jemaat yang hidup dalam roh kuduscAloys Budi Purnomo. aYogyakartabKanisiusc1999 a106 hlm.c19 cm. aBibliografi : hlm. 103-106 aHidup Kekristenan aYOPDYOG aCB-D.11 1999-46